STUDY ABOUT LAND USE PLANNING OF INDIGENOUS COMMUNITY IN LBANG PIR COMMUNE, LUMPHAT DISTRICT, RATANAK KIRI PROVINCE សិក្សាពីផែនការប្រើប្រាស់ដីសមហភាព​ របស់សហគមន៍ ជនជាតិដើមភាគតិច នៅឃុំល្បាំង២ ស្រុកលំផាត់ ខេត្តរតនគិរី (Record no. 23179)

000 -LEADER
fixed length control field 00779nam a22001337a 4500
040 ## - CATALOGING SOURCE
Transcribing agency RUA
082 ## - DEWEY DECIMAL CLASSIFICATION NUMBER
Classification number LMA NOR 2022 B1-498 Or.
100 ## - MAIN ENTRY--AUTHOR NAME
Personal name NORNG CHAMREUN ណង ចំរើន
245 ## - TITLE STATEMENT
Title STUDY ABOUT LAND USE PLANNING OF INDIGENOUS COMMUNITY IN LBANG PIR COMMUNE, LUMPHAT DISTRICT, RATANAK KIRI PROVINCE សិក្សាពីផែនការប្រើប្រាស់ដីសមហភាព​ របស់សហគមន៍ ជនជាតិដើមភាគតិច នៅឃុំល្បាំង២ ស្រុកលំផាត់ ខេត្តរតនគិរី
260 ## - PUBLICATION, DISTRIBUTION, ETC. (IMPRINT)
Place of publication PHNOM PENH
Name of publisher RUA
Year of publication 2022
300 ## - PHYSICAL DESCRIPTION
Number of Pages IX. 34P
Other physical details VII.
Dimensions 29CM
856 ## - ELECTRONIC LOCATION AND ACCESS
Uniform Resource Identifier https://drive.google.com/file/d/1glit5ld_MMcF7Lz_Jl4MPiWTFWcymnxJ/view?usp=sharing
942 ## - ADDED ENTRY ELEMENTS (KOHA)
Koha item type LMA
952 ## - LOCATION AND ITEM INFORMATION (KOHA)
Withdrawn status [LOCAL, KOHA] 0
952 ## - LOCATION AND ITEM INFORMATION (KOHA)
Withdrawn status [LOCAL, KOHA] 0
952 ## - LOCATION AND ITEM INFORMATION (KOHA)
Withdrawn status [LOCAL, KOHA] 0
952 ## - LOCATION AND ITEM INFORMATION (KOHA)
Withdrawn status [LOCAL, KOHA] 0
Holdings
Permanent Location Date acquired Koha item type Lost status Shelving location Barcode Current Location Full call number
Library Block B2024-06-20LMA B1.498a076626Library Block BLMA NOR 2022 B1-498 Or.
Library Block B2024-06-20LMA B1.498a076903Library Block BLMA NOR 2022 B1-498 Or.
Library Block B2024-06-20LMA B1.498a076470Library Block BLMA NOR 2022 B1-498 Or.
Library Block B2024-06-20LMA B1.498a076474Library Block BLMA NOR 2022 B1-498 Or.
មជ្ឈមណ្ឌលឯការនៃសាកលវិទ្យាល័យភូមិន្ទកសិកម្មចំការដូង

Powered by Koha